Trade creation and diversion in the enlarged EU market: evidence for agricultural trade in Slovakia

Salvato in:
Dettagli Bibliografici
Autore principale: Drábik, Dušan
Altri autori: Pokrivčák, Ján, Ciaian, Pavel
Natura: Capitolo di libro
Lingua:inglese
Soggetti:
Tags: Aggiungi Tag
Nessun Tag, puoi essere il primo ad aggiungerne!!

MARC

LEADER 00000naa$a2200000$$$4500
001 0070311
005 20231010111909.6
041 0 |a eng 
044 |a CZ 
245 1 0 |a Trade creation and diversion in the enlarged EU market: evidence for agricultural trade in Slovakia  |c Dušan Drábik, Ján Pokrivčák, Pavel Ciaian 
610 2 0 |a obchod medzinárodný 
610 2 0 |a poľnohospodárstvo 
610 2 0 |a liberalizácia 
610 2 0 |a Slovensko 
610 2 0 |a Európska únia 
100 1 |a Drábik, Dušan 
700 1 |a Pokrivčák, Ján 
700 1 |a Ciaian, Pavel